000
00335nam a2200145Ia 4500
008
191201s1999 xx 000 0 und d
082
_a
530
_b
SAS
100
_a
SAXENA,BS
245
0
_a
Solid State Physics
250
_a
18th
260
_a
Meerut
_b
Pragati Prakashan Meerut
_c
1999
300
_a
633
650
_a
Applied
942
_2
ddc
_c
BK
999
_c
583
_d
583